Films d'Albert Dupontel par images - Statistiques

Statistiques générales
  • Ce quiz a été pris 262 fois
  • Le résultat moyen est 4 sur 8
Statistiques - réponses
Par images Réponse % Correct
Adieu les cons
83%
Au revoir là-haut
79%
Bernie
62%
9 mois ferme
55%
Second Tour
44%
Enfermés dehors
38%
Le Vilain
29%
Le Créateur
26%
Aucun quiz correspondant
Distribution des résultats
% des personnes avec chaque résultat
Percentile par nombre de réponses
Votre historique - résultats
Vous n’avez pas pris ce quiz